000 00254nam a22001217a 4500
008 181009b xxu||||| |||| 00| 0 eng d
041 _aeng
080 _a615
100 _a5
101 _aFAR
245 _aPrescribing Guide
_cLilly,E
942 _2udc
_cBK
999 _c49087
_d49087